000 00733nam a22002537a 4500
003 UA-OsUOA
001 77492
007 ta
008 20110914b un ||||| |||| 00| 0 ukr d
100 _aУдалова Л.Д.
700 _aРожкова В.В.
090 _a343.13(477)
_bУ28
942 _cBK
040 _aUA-OsUOA
_bukr
_cUA-OsUOA
_dUA-OsUOA
245 _aПрактикум із кримінального процесу
_bзагальна частина
300 _a180 с.
955 _a2
041 _aukr
080 _a343.13(477)
020 _a978-966-8974-06-9
260 _aК.
_bТекст
_c2007
650 7 _a343 Кримінальне право. Карні порушення
_2UDC
999 _c363795
_d363795